000 00703cab a2200217 4500
001 WB3220-09
008 090401t1996 xxu||||| |||| 00| 0 eng d
035 _a(Sirsi) u8097
041 _aeng
245 _aCost of Whitehall`s empty offices
260 _c1996
350 _a0
490 _aDaily Telegraph
_v20 May 1996, 8(1)
520 _aGovernment seeks ways to reduce the £133.6m cost of maintaining its 400 vacant office buildings. Looks at the role of Property Advisers to the Civil Estate.
650 _aEMPTY OFFICES
650 _aGOVERNMENT BUILDINGS
650 _aPROPERTY ADVISERS TO THE CIVIL ESTATE
690 _aPROPERTY-COMMERCIAL PROPERTY
942 _n0
948 _c04/03/1997
999 _c4937
_d4937